NATURAL HAZARDS AND DISASTER MANAGEMENT (Record no. 5683)

MARC details
000 -LEADER
fixed length control field 00401nam a22001577a 4500
005 - DATE AND TIME OF LATEST TRANSACTION
control field 20180316115016.0
008 - FIXED-LENGTH DATA ELEMENTS--GENERAL INFORMATION
fixed length control field 180315b xxu||||| |||| 00| 0 eng d
020 ## - INTERNATIONAL STANDARD BOOK NUMBER
ISBN 978-81-7533-126-6
041 ## - LANGUAGE CODE
Language code of text/sound track or separate title eng
082 ## - DEWEY DECIMAL CLASSIFICATION NUMBER
Classification number 658.477
100 ## - MAIN ENTRY--AUTHOR NAME
Personal name JAT, DR. B.C.
245 ## - TITLE STATEMENT
Title NATURAL HAZARDS AND DISASTER MANAGEMENT
260 ## - PUBLICATION, DISTRIBUTION, ETC. (IMPRINT)
Place of publication NEW DELHI
Name of publisher MD PUBLICATION PVT LTD
Year of publication 2008
300 ## - PHYSICAL DESCRIPTION
Number of Pages 220p
942 ## - ADDED ENTRY ELEMENTS (KOHA)
Koha item type Books
Holdings
Lost status Damaged status Home library Current library Shelving location Date acquired Source of acquisition Cost, normal purchase price Full call number Accession Number Koha item type
    JRU Library   SHELF-6-D 15/03/2018 PURCHESS 795.00 658.477 22324 Books